Normal view
MARC view
- Lee, Marina M. (Marina Minhwa), author.
Entry Personal Name
001 - CONTROL NUMBER
- control field: 51828
003 - CONTROL NUMBER IDENTIFIER
- control field: OSt
005 - DATE AND TIME OF LATEST TRANSACTION
- control field: 20240207155825.0
008 - FIXED-LENGTH DATA ELEMENTS
- fixed length control field: 240207|| aca||aabn | a|a d
040 ## - CATALOGING SOURCE
- Original cataloging agency: OSt
- Transcribing agency: OSt
100 ## - HEADING--PERSONAL NAME
- Personal name: Lee, Marina M. (Marina Minhwa), author.
670 ## - SOURCE DATA FOUND
- Source citation: Work cat.: (OSt): Lee, Marina M. (Marina Minhwa), author., Culturally responsive conversations : , [2023].
